Normal view MARC view
  • Oxford University

Entry Personal Name

Number of records used in: 2

001 - CONTROL NUMBER

  • control field: 2298

003 - CONTROL NUMBER IDENTIFIER

  • control field: OSt

005 - DATE AND TIME OF LATEST TRANSACTION

  • control field: 20170110144025.0

008 - FIXED-LENGTH DATA ELEMENTS

  • fixed length control field: 170110|| aca||aabn | a|a d

040 ## - CATALOGING SOURCE

  • Original cataloging agency: OSt

100 ## - HEADING--PERSONAL NAME

  • Personal name: Oxford University

Powered by Koha